Deutsche Städte, in denen Bundesoberbehörden angesiedelt sind - Statistiken

Allgemein
  • Dieses Quiz wurde 107 mal gespielt
  • Das Durchschnittsergebnis liegt bei 16 aus 30
Antwortstatistiken
Bundesoberbehörde/n Stadt % Korrekt
Bundesamt für zentrale Dienste und offene Vermögensfragen; Bundesamt für Bauwesen und Raumordnung; Bundesamt für die Sicherheit der nuklearen Entsorgung; Bundesnachrichtendienst; Evangelisches Kirchenamt für die Bundeswehr; Militärrabbinat; Katholisches Militärbischofsamt; Planungsamt der Bundeswehr; Bundesanstalt für Materialforschung und -prüfung; Deutsches Archäologisches Institut; Robert Koch-Institut – Bundesinstitut für Infektionskrankheiten und nicht übertragbare Krankheiten Berlin
99%
Bundesamt für Seeschifffahrt und Hydrographie; Bundesstelle für Seeunfalluntersuchung; Helmut-Schmidt-Universität/Universität der Bundeswehr Hamburg
95%
Bundesamt für Kartographie und Geodäsie Frankfurt am Main
92%
Deutsches Patent- und Markenamt; Universität der Bundeswehr; Zentrale Stelle für Informationstechnik im Sicherheitsbereich München
92%
Bundesamt für Familie und zivilgesellschaftliche Aufgaben; Bundesamt für Logistik und Mobilität; Bundesamt für das Personalmanagement der Bundeswehr; Bundesamt für Verfassungsschutz; Bundesverwaltungsamt; Bundeszentrale für gesundheitliche Aufklärung; Luftfahrtamt der Bundeswehr; Bundesamt für den Militärischen Abschirmdienst; Zollkriminalamt (als Direktion VIII der Generalzolldirektion) Köln
91%
Bundesamt für Infrastruktur, Umweltschutz und Dienstleistungen der Bundeswehr; Bundesamt für Bevölkerungsschutz und Katastrophenhilfe; Beschaffungsamt des Bundesministeriums des Innern; Bundesinstitut für Arzneimittel und Medizinprodukte; Bundesstelle für Eisenbahnunfalluntersuchung; Bundesamt für Naturschutz; Bundesamt für Justiz; Bundesamt für Sicherheit in der Informationstechnik; Bundeskartellamt; Bundeszentrale für Kinder- und Jugendmedienschutz; Bundesamt für Soziale Sicherung; Bundeszentralamt für Steuern; Eisenbahn-Bundesamt; Generalzolldirektion; Informationstechnikzentrum Bund; Bundesnetzagentur für Elektrizität, Gas, Telekommunikation, Post und Eisenbahnen; Bundesinstitut für Sportwissenschaft; Bundeszentrale für politische Bildung; Bundesanstalt Technisches Hilfswerk Bonn
90%
Fernstraßen-Bundesamt Leipzig
89%
Bundesamt für Migration und Flüchtlinge Nürnberg
89%
Bundesanstalt für Wasserbau; Max Rubner-Institut – Bundesforschungsinstitut für Ernährung und Lebensmittel Karlsruhe
87%
Bundessortenamt; Bundesanstalt für Geowissenschaften und Rohstoffe Hannover
78%
Bundespolizeipräsidium Potsdam
78%
Kraftfahrt-Bundesamt Flensburg
73%
Bundesamt für Seeschifffahrt und Hydrographie Rostock
73%
Bundesanstalt für Arbeitsschutz und Arbeitsmedizin Dortmund
70%
Bundeskriminalamt; Statistisches Bundesamt; Bundesinstitut für Bevölkerungsforschung Wiesbaden
70%
Bildungszentrum der Bundeswehr Mannheim
68%
Bundesstelle für Flugunfalluntersuchung;Bundesamt für Verbraucherschutz und Lebensmittelsicherheit; Luftfahrt-Bundesamt; Physikalisch-Technische Bundesanstalt; Johann Heinrich von Thünen-Institut – Bundesforschungsinstitut für Ländliche Räume, Wald und Fischerei Braunschweig
58%
Bundesamt für Ausrüstung, Informationstechnik und Nutzung der Bundeswehr; Bundesamt für äußere Restitutionen; Bundesarchiv; Bundesanstalt für Gewässerkunde Koblenz
54%
Bundesinstitut für Kultur und Geschichte der Deutschen im östlichen Europa Oldenburg
37%
Bundesamt für Strahlenschutz Salzgitter
16%
Umweltbundesamt Dessau-Roßlau
15%
Friedrich-Loeffler-Institut – Bundesforschungsinstitut für Tiergesundheit Greifswald
15%
Bundesamt für Auswärtige Angelegenheiten Brandenburg an der Havel
13%
Bundesanstalt für Straßenwesen Bergisch Gladbach
11%
Bundesanstalt für Verwaltungsdienstleistungen Aurich
8%
Bundessprachenamt Hürth
6%
Bundesaufsichtsamt für Flugsicherung; Paul-Ehrlich-Institut – Bundesinstitut für Impfstoffe und biomedizinische Arzneimittel Langen
6%
Bundesamt für Wirtschaft und Ausfuhrkontrolle Eschborn
3%
Julius Kühn-Institut – Bundesforschungsinstitut für Kulturpflanzen Quedlinburg
3%
Bundesausgleichsamt Bad Homburg vor der Höhe
1%
Keine übereinstimmenden Quizze gefunden
Verteilung der Resultate
Anzahl Personen mit jedem Resultat
Perzentil nach korrekt beantworteten Fragen
Ihre Resultats-Entwicklung
Sie haben dieses Quiz noch nicht gespielt